| 000 | 00770nam a2200205 4500 | ||
|---|---|---|---|
| 001 | 54753 | ||
| 003 | ES-MaACL | ||
| 005 | 20250808034523.0 | ||
| 007 | t| | ||
| 008 | 960728s1870 sp |||| | spa d | ||
| 100 | 1 |
_aGabba, Carlo Francesco ( _d1838-1920) _953129 |
|
| 245 | 1 | 3 |
_aEl pro y el contra en la cuestión de la pena de muerte _b: consideraciones críticas / _cpor C. F. Gabba; traducción del italiano por Federico Melchor y Emilio Cano y Cáceres. |
| 260 |
_aMadrid : _b[s.n.], _c1870 ( _fImp. de E. de la Riva) |
||
| 300 |
_a208 p. ; _c20 cm. |
||
| 650 | 0 | 7 |
_aPena de muerte _2embne _915915 |
| 700 | 1 |
_aMelchor y Lamanette, Federico. _9129802 |
|
| 700 | 1 |
_aCano y Cáceres, Emilio. _934578 |
|
| 852 |
_aES-MaACL _jB-7278 |
||
| 999 |
_c54753 _d54753 |
||